La psicanalisi /

Guardat en:
Dades bibliogràfiques
Altres autors: Crescini, Lidia
Format: Llibre
Idioma:italià
Publicat: Roma ; Milano : Curcio, stampa 1950
Col·lecció:Biblioteca universale Curcio ; 2
Matèries:
Etiquetes: Afegir etiqueta
Sense etiquetes, Sigues el primer a etiquetar aquest registre!

MARC

LEADER 00000nam a22000007i 4500
001 IT\ICCU\RAV\0111014
003 ItRI
005 20260115232424.0
008 900926s1950 it |||||| ||||| |||||c
040 |b ita  |c importazione bologna sebina 
041 7 |a ita  |2 ISO-639-2 
082 |a 190.195  |9 Psicanalisi  |2 20 
130 3 |a La psicanalisi  |3 IT\ICCU\TSA\1893986 
245 0 3 |a La psicanalisi /  |c a cura di Lidia Crescini. 
260 |a Roma ;  |a Milano :  |b Curcio,  |c stampa 1950 
300 |a 91 p., \2!c. di tav. :  |b ill. ;  |c 18 cm. 
650 7 |a Psicanalisi  |x Teorie 
700 1 |a Crescini, Lidia  |0 IT\ICCU\RAVV\045949 
830 0 |a Biblioteca universale Curcio ;  |v 2  |0 IT\ICCU\RAV\0111023 
942 |2 ddc  |c BK  |n 0 
952 |0 0  |1 0  |4 0  |6 DOC_150_195000000000000_CRE  |7 0  |9 25504  |a BO  |b BO  |d 2026-01-15  |i 823  |l 0  |o DOC 150.195 CRE  |p BO823  |r 2026-01-15 23:24:24  |w 2026-01-15  |x [Sebina 7] [1 v.]  |y BK  |z 1 v. 
999 |c 21653  |d 21653